Самоорганизация и самоуправление населения в России: исторический опыт и современные проблемы. Местное самоуправление (Запись № 10397352)

Подробности
000 -МАРКЕР
контрольное поле 01987nam0a2200325 i 4500
001 - ИДЕНТИФИКАТОР ЗАПИСИ
контрольное поле RU\NLR\BIBL_A\010856113
005 - ИДЕНТИФИКАТОР ВЕРСИИ
контрольное поле 20260408122340.0
010 ## - МЕЖДУНАРОДНЫЙ СТАНДАРТНЫЙ НОМЕР КНИГИ (ISBN)
Номер (ISBN) 9785990247291
Тираж 150
035 ## - ДРУГИЕ СИСТЕМНЫЕ НОМЕРА
Идентификатор записи (NLR Aleph) 010856113
100 ## - ДАННЫЕ ОБЩЕЙ ОБРАБОТКИ
Данные общей обработки 20151006d2011 km y0rusy50 ca
101 0# - ЯЗЫК РЕСУРСА
Язык текста, звукозаписи и т.д. русский
102 ## - СТРАНА ПУБЛИКАЦИИ ИЛИ ПРОИЗВОДСТВА
Страна публикации российская федерация
105 ## - ПОЛЕ КОДИРОВАННЫХ ДАННЫХ: ТЕКСТОВЫЕ МАТЕРИАЛЫ, МОНОГРАФИЧЕСКИЕ
Кодированные данные о монографическом текстовом документе c|||z|||100yy
200 1# - ЗАГЛАВИЕ И СВЕДЕНИЯ ОБ ОТВЕТСТВЕННОСТИ
Основное заглавие Самоорганизация и самоуправление населения в России: исторический опыт и современные проблемы. Местное самоуправление
Сведения, относящиеся к заглавию [тексты докладов чтений и стенограмма их обсуждения]
Первые сведения об ответственности Прямухинские чтения 2009 года, [с. Прямухино, 24-25 июня 2008 г.]
210 ## - ПУБЛИКАЦИЯ, РАСПРОСТРАНЕНИЕ И ДР.
Место издания, распространения и т.д. Москва
Имя издателя, распространителя и т. д. Футурис
Дата издания, распространения и т.д. 2011
215 ## - ФИЗИЧЕСКАЯ ХАРАКТЕРИСТИКА
Специфическое обозначение материала и объем 304 с.
Другие сведения о физической характеристике портр.
Размеры 21
300 ## - ОБЩИЕ ПРИМЕЧАНИЯ
Текст примечания Описано по 3-й с. На тит. л. и обл. только коллектив, ответственный за издание
300 ## - ОБЩИЕ ПРИМЕЧАНИЯ
Текст примечания Посвящается памяти А.Э. Бабуровой и С.Ю. Маркелова
320 ## - ПРИМЕЧАНИЯ О НАЛИЧИИ В ДОКУМЕНТЕ БИБЛИОГРАФИИ / УКАЗАТЕЛЯ
Текст примечания Библиогр. в подстроч. примеч.
327 1# - ПРИМЕЧАНИЯ О СОДЕРЖАНИИ
Текст примечания В прил. опубл. некоторые работы А. Бабуровой и А.Г. Корнилова
606 1# - НАИМЕНОВАНИЕ ТЕМЫ КАК ПРЕДМЕТ
Наименование темы Анархизм
Формальный подзаголовок Съезды, совещания и т.п
Тематический подзаголовок История
Системный номер авторитетной/нормативной записи 963881
Идентификатор авторитетной/нормативной записи RU\NLR\AUTH\6641500
686 1# - ИНДЕКСЫ ДРУГИХ КЛАССИФИКАЦИЙ
Индекс Т3(0)0-4я431
702 #1 - ИМЯ ЛИЦА - ВТОРИЧНАЯ ОТВЕТСТВЕННОСТЬ
Начальный элемент ввода Бабурова
Часть имени, кроме начального элемента ввода А.Э.
Даты -2009
Расширение инициалов личного имени Анастасия Эдуардовна
Код отношения Прочие
702 #1 - ИМЯ ЛИЦА - ВТОРИЧНАЯ ОТВЕТСТВЕННОСТЬ
Начальный элемент ввода Маркелов
Часть имени, кроме начального элемента ввода С.Ю.
Даты -2009
Расширение инициалов личного имени Станислав Юрьевич
Код отношения Прочие
711 12 - НАИМЕНОВАНИЕ ОРГАНИЗАЦИИ - АЛЬТЕРНАТИВНАЯ ОТВЕТСТВЕННОСТЬ
Начальный элемент ввода Прямухинские чтения
Дата проведения временной организации 2009
Место проведения временной организации Тверская обл.
Идентификатор авторитетной/нормативной записи RU\NLR\AUTH\880410104
Системный номер авторитетной/нормативной записи 485963
942 ## - ДОПОЛНИТЕЛЬНЫЕ ЭЛЕМЕНТЫ ЗАПИСИ (АБИС)
Тип экземпляра АБИС Книга
980 ## - КОЛЛЕКЦИЯ
Название коллекции НБР

Нет доступных экземпляров.